• 首页
  • 本馆介绍
  • 公告通知
  • 最新文献
  • 馆藏检索
  • 电子资源
  • 读者导购
  • 参考咨询
  • 我的图书馆
  • 登录
  • 详细信息显示
  • 放入我的书架
  • 预约/预借图书
  • 作者相关作品
  • 分类相关作品
  • 丛书相关作品
  • 出版社相关作品

书目信息

  • 表格格式
  • 工作单格式
  • 卡片格式
题名:
水利工程制图
    
 
作者: 邹葆华 主编
分册:  
出版信息: 北京   中国水利水电出版社  1998
页数: 231页
开本: 26cm
丛书名:
单 册:
中图分类: TV222
科图分类:
主题词: 水利工程--工程制图--高等学校--教材
电子资源:
ISBN: 7-80124-651-9
000 00693nam0 2200241 450
001 0100693806
005 20161227142412.0
010    @a7-80124-651-9@dCNY15.60
011    @a7-80124-651-9
100    @a20021005d1998 em y0chiy0110 ea
101 0  @achi
102    @aCN@b110000
105    @ay z 000yy
106    @ar
200 1  @a水利工程制图@9Shui Li Gong Cheng Zhi Tu @f邹葆华主编@b专著
210    @a北京@c中国水利水电出版社@d1998
215    @a231页@d26cm
300    @a高等学校教材 专科适用
606 0  @a水利工程@x工程制图@x高等学校@x教材
690    @aTV222@v3
701  0 @a邹葆华@c(水利)@9zou bao hua@4主编
801  0 @aCN@bAiZhiMarc@c19990213
905    @aBZT@dTV222@e2@f30@sTV222/2
    
    水利工程制图/邹葆华主编.-北京:中国水利水电出版社,1998
    231页;26cm
    高等学校教材 专科适用
    
    ISBN 7-80124-651-9:CNY15.60
    
●
相关链接 在五车中查询图书 在当当中查询图书 在豆瓣中查询图书


正题名:水利工程制图     索取号:TV222/2         预约/预借

序号 登录号 条形码 馆藏地/架位号 状态 备注
1 2000060224   2000060224   旧书回溯/ [索取号:TV222/2] 在馆    
2 2000060225   2000060225   旧书回溯/ [索取号:TV222/2] 在馆    
3 2000060438   2000060438   旧书回溯/ [索取号:TV222/2] 在馆    
4 2000060439   2000060439   旧书回溯/ [索取号:TV222/2] 在馆    
5 2000060440   2000060440   旧书回溯/ [索取号:TV222/2] 在馆    
6 2000060441   2000060441   旧书回溯/ [索取号:TV222/2] 在馆    
7 2000060442   2000060442   旧书回溯/ [索取号:TV222/2] 在馆    
8 2000060443   2000060443   旧书回溯/ [索取号:TV222/2] 在馆    
9 2000060444   2000060444   旧书回溯/ [索取号:TV222/2] 在馆    
10 2000060445   2000060445   旧书回溯/ [索取号:TV222/2] 在馆    
11 2000060446   2000060446   旧书回溯/ [索取号:TV222/2] 在馆    
12 2000063363   2000063363   旧书回溯/ [索取号:TV222/2] 在馆    
13 2000063364   2000063364   旧书回溯/ [索取号:TV222/2] 在馆    
14 2000063365   2000063365   旧书回溯/ [索取号:TV222/2] 在馆    
15 2000063366   2000063366   旧书回溯/ [索取号:TV222/2] 在馆    
16 2000063367   2000063367   旧书回溯/ [索取号:TV222/2] 在馆    
17 2000063368   2000063368   旧书回溯/ [索取号:TV222/2] 在馆    
18 2000063369   2000063369   旧书回溯/ [索取号:TV222/2] 在馆    
19 2000063370   2000063370   旧书回溯/ [索取号:TV222/2] 在馆    
20 2000064298   2000064298   旧书回溯/ [索取号:TV222/2] 在馆    
21 2000064299   2000064299   旧书回溯/ [索取号:TV222/2] 在馆    
22 2000064300   2000064300   旧书回溯/ [索取号:TV222/2] 在馆    
23 2000064301   2000064301   旧书回溯/ [索取号:TV222/2] 在馆    
24 2000064302   2000064302   旧书回溯/ [索取号:TV222/2] 在馆    
25 2000064303   2000064303   旧书回溯/ [索取号:TV222/2] 在馆    
26 2000064304   2000064304   旧书回溯/ [索取号:TV222/2] 在馆    
27 2000130253   2000130253   旧书回溯/ [索取号:TV222/2] 在馆    
28 2000130254   2000130254   旧书回溯/ [索取号:TV222/2] 在馆    
29 2000130255   2000130255   旧书回溯/ [索取号:TV222/2] 在馆    
30 2000130256   2000130256   旧书回溯/ [索取号:TV222/2] 在馆    
山东省滨州职业学院图书馆 欢迎您!
大连网信软件有限公司© 版权所有